Giáo trình kỹ thuật ngoại thương

Những kiến thức cơ bản để đàm phán, ký kết và tổ chức thực hiện hợp đồng ngoại thương. Kỹ thuật đàm phán hợp đồng ngoại thương. Hợp đồng ngoại thương. Tổ chức thực hiện hợp đồng ngoại thương...

Popoln opis

Shranjeno v:
Bibliografske podrobnosti
Glavni avtor: Đoàn, Thị Hồng Vân
Format: Knjiga
Jezik:Undetermined
Izdano: Hà Nội Thống kê 2005
Teme:
Oznake: Označite
Brez oznak, prvi označite!
Thư viện lưu trữ: Trung tâm Học liệu Trường Đại học Cần Thơ
LEADER 00908nam a2200205Ia 4500
001 CTU_101249
008 210402s9999 xx 000 0 und d
020 |c 60000 
082 |a 382.104 
082 |b V121 
100 |a Đoàn, Thị Hồng Vân 
245 0 |a Giáo trình kỹ thuật ngoại thương 
245 0 |c Đoàn Thị Hồng Vân 
260 |a Hà Nội 
260 |b Thống kê 
260 |c 2005 
520 |a Những kiến thức cơ bản để đàm phán, ký kết và tổ chức thực hiện hợp đồng ngoại thương. Kỹ thuật đàm phán hợp đồng ngoại thương. Hợp đồng ngoại thương. Tổ chức thực hiện hợp đồng ngoại thương 
650 |a International economic relations 
904 |i Tuyến 
980 |a Trung tâm Học liệu Trường Đại học Cần Thơ